[Event "Stay Safe Play From Home 141"]
[Site "T#645952Emanuel Laske"]
[Date "2020.05.11"]
[Round "9"]
[White "Little champs"]
[Black "Indianquant"]
[Result "0-1"]
[WhiteElo "2205"]
[BlackElo "2244"]
[Annotator "TA"]
[PlyCount "88"]
[EventDate "2020.05.11"]
[EventType "swiss (blitz)"]

{[%evp 9,87,-108,-64,-64,-61,-64,-69,-71,-77,-86,-75,-88,-52,-72,-43,-81,-73,-116,-114,-128,-121,-126,-74,-68,-55,-47,-40,-42,-33,-68,-63,-101,-44,-64,-17,-71,-47,-52,-54,-101,-64,-154,-137,-150,-76,-150,-154,-125,-85,-388,-404,-380,-32,-803,-796,-794,-741,-1524,-922,-2238,-274,-1678,-1531,-29990,-1997,-1819,-1004,-29994,-29984,-29984,-29985,-29984,-29985,-29983,-29984,-29981,-29981,-29992,-29993,-29999]} 1. d4 Nf6 2. e3 e6 3. Ne2 b6 {[#]} 4. g3 $146 ({Predecessor:} 4. b3 Ba6 5. c4 d5 6. Nd2 Bb4 7. a3 Bxd2+ 8. Bxd2 dxc4 9. bxc4 Bxc4 10. Rb1 O-O {0-1 (22) Moraiti,E-Bellou,N (1165) Achaia 2017}) 4... Bb7 5. Rg1 Be7 6. Bg2 {A45: Trompowsky Attack.} Bxg2 7. Rxg2 c5 8. Kf1 {Black is slightly better.} Nc6 9. Kg1 Qc7 10. c3 Rd8 11. Nd2 O-O 12. f3 d5 13. Rf2 e5 14. b3 Rfe8 15. Bb2 exd4 (15... Bd6 $142 16. dxe5 Bxe5) 16. exd4 $17 cxd4 17. cxd4 Bd6 18. Nf1 h5 19. a3 Qd7 20. Rc1 Na5 (20... Nh7 $17) 21. Qd3 $15 g6 22. Nd2 {[#]} (22. Rc3 $11 {remains equal.}) 22... h4 $1 {[%mdl 512]} 23. b4 (23. gxh4 Qh3) 23... Nc6 {[%cal Ba5c6,Bc6e7,Be7f5,Bf5h4][%mdl 32]} 24. Qb5 Rc8 25. Nb3 (25. Nf1 $15) 25... hxg3 26. hxg3 Qb7 (26... Nh5 $142 27. Qxd5 Rxe2 $1 {[%mdl 576] Remove Defender} 28. Rxe2 Nxg3) 27. Qd3 (27. Nc5 $142 Qa8 28. Nd3) 27... a5 $17 28. b5 Ne7 29. a4 $2 {[%mdl 8192]} (29. g4 $17) 29... Nf5 $19 30. g4 Re3 $2 ({Better is} 30... Ne3 $1 $19 {Threatens to win with ...Nfxg4!} 31. Rc6 Rxc6 32. bxc6 Qxc6) 31. Qd1 $2 {[%mdl 8192]} (31. Qd2 $15 Rxb3 32. gxf5) 31... Nh4 32. Nd2 Rce8 33. Rc6 Qd7 {Hoping for ...Rxf3!} 34. Bc1 {[#]} Bg3 $2 (34... Rxf3 $1 {[%mdl 512]} 35. Nxf3 Qxg4+ {[%mdl 64] Double Attack} 36. Kf1 Qh3+ 37. Kg1 Nxf3+ 38. Rxf3 Qh2+ 39. Kf1 Rxe2 $1 {[%mdl 512]} 40. Rc8+ Kg7 41. Bh6+ Kh7 42. Rh8+ {[%mdl 64] Decoy} Kxh8 43. Bg7+ Kxg7 44. Qxe2 Qh1+ 45. Kf2 Ng4#) 35. Ne4 $2 (35. Nxg3 Re1+ 36. Qxe1 Rxe1+ 37. Ndf1) 35... Bxf2+ 36. Kxf2 Nxg4+ (36... Rxf3+ $142 37. Ke1 Nxe4 38. Ng3 Ng2+ 39. Ke2 Qxg4 40. Rxg6+ fxg6 41. Qe1 {[#]} Rf2+ $1 {[%mdl 512]} 42. Kd3 Nxe1+ 43. Ke3 Qxg3#) 37. fxg4 R3xe4 38. g5 Rxe2+ {Black mates.} 39. Qxe2 Qf5+ 40. Ke1 Nf3+ {[%mdl 64] Double Attack} 41. Kd1 Rxe2 42. Kxe2 Nxd4+ {[%mdl 64] Double Attack} 43. Kd1 Qd3+ 44. Ke1 Qe2# {Accuracy: White = 34%, Black = 50%.} 0-1

[Event "Stay Safe Play From Home 141"]
[Site "T#645952Emanuel Laske"]
[Date "2020.05.11"]
[Round "9"]
[White "Lazieri3"]
[Black "matanant"]
[Result "1-0"]
[WhiteElo "2117"]
[BlackElo "1585"]
[PlyCount "93"]
[EventDate "2020.05.11"]
[EventType "swiss (blitz)"]

1. e4 {[%emt 0:00:02]} e5 {[%emt 0:00:01]} 2. Nf3 {[%emt 0:00:05]} d5 {[%emt 0:00:01]} 3. Nxe5 {[%emt 0:00:02]} Bd6 {[%emt 0:00:03]} 4. d4 {[%emt 0:00:02]} dxe4 {[%emt 0:00:01]} 5. Bc4 {[%emt 0:00:16]} Bxe5 {[%emt 0:00:01]} 6. dxe5 {[%emt 0:00:00]} Qxd1+ {[%emt 0:00:03]} 7. Kxd1 {[%emt 0:00:00]} f5 {[%emt 0:00:01]} 8. exf6 {[%emt 0:00:01]} Nxf6 {[%emt 0:00:01]} 9. Bf4 {[%emt 0:00:01]} Bg4+ {[%emt 0:00:13]} 10. Be2 {[%emt 0:00:04]} O-O {[%emt 0:00:05]} 11. h3 {[%emt 0:00:02]} Bxe2+ {[%emt 0:00:04]} 12. Kxe2 {[%emt 0:00:00]} Nd5 {[%emt 0:00:01]} 13. Be3 {[%emt 0:00:11]} Nc6 {[%emt 0:00:03]} 14. Nd2 {[%emt 0:00:07]} Ncb4 {[%emt 0:00:09]} 15. c3 {[%emt 0:00:10]} Nd3 {[%emt 0:00:03]} 16. Rab1 {[%emt 0:00:30]} Nxe3 {[%emt 0:00:10]} 17. Kxe3 {[%emt 0:00:07]} Rae8 {[%emt 0:00:03]} 18. Rhf1 {[%emt 0:00:13]} Nf4 {[%emt 0:00:06]} 19. Rg1 {[%emt 0:00:05]} Nd5+ {[%emt 0:00:07]} 20. Ke2 {[%emt 0:00:09]} e3 {[%emt 0:00:02]} 21. fxe3 {[%emt 0:00:09]} Nxe3 {[%emt 0:00:12]} 22. Kd3 {[%emt 0:00:05]} Rf6 {[%emt 0:00:12]} 23. Nf3 {[%emt 0:00:06]} Rd6+ {[%emt 0:00:03]} 24. Nd4 {[%emt 0:00:01]} c5 {[%emt 0:00:03]} 25. Rbe1 {[%emt 0:00:00]} cxd4 {[%emt 0:00:02]} 26. cxd4 {[%emt 0:00:00]} Red8 {[%emt 0:00:11]} 27. Kxe3 {[%emt 0:00:03]} Rxd4 {[%emt 0:00:01]} 28. Re2 {[%emt 0:00:00]} R4d6 {[%emt 0:00:04]} 29. Rge1 {[%emt 0:00:01]} Rf6 {[%emt 0:00:07]} 30. Ke4 {[%emt 0:00:04]} Kf7 {[%emt 0:00:10]} 31. Ke3 {[%emt 0:00:03]} g5 {[%emt 0:00:04]} 32. Rc1 {[%emt 0:00:04]} Rd7 {[%emt 0:00:03]} 33. Rc3 {[%emt 0:00:02]} Kg6 {[%emt 0:00:02]} 34. Rd3 {[%emt 0:00:01]} Re7+ {[%emt 0:00:08]} 35. Kd2 {[%emt 0:00:01]} Rxe2+ {[%emt 0:00:04]} 36. Kxe2 {[%emt 0:00:00]} Rf7 {[%emt 0:00:01]} 37. Re3 {[%emt 0:00:01]} Kh5 {[%emt 0:00:02]} 38. Re6 {[%emt 0:00:02]} Kh4 {[%emt 0:00:03]} 39. Re4+ {[%emt 0:00:01]} Kh5 {[%emt 0:00:04]} 40. Re3 {[%emt 0:00:01]} h6 {[%emt 0:00:02]} 41. a3 {[%emt 0:00:00]} b6 {[%emt 0:00:02]} 42. a4 {[%emt 0:00:01]} Rf6 {[%emt 0:00:01]} 43. b3 {[%emt 0:00:00]} a5 {[%emt 0:00:00]} 44. g4+ {[%emt 0:00:00]} Kg6 {[%emt 0:00:01]} 45. Rf3 {[%emt 0:00:01]} h5 {[%emt 0:00:00]} 46. Rxf6+ {[%emt 0:00:01]} Kxf6 {[%emt 0:00:01]} 47. gxh5 {[%emt 0:00:00]} 1-0

[Event "Stay Safe Play From Home 141"]
[Site "T#645952Emanuel Laske"]
[Date "2020.05.11"]
[Round "9"]
[White "Schachidiot"]
[Black "Haris kollari 13"]
[Result "0-1"]
[WhiteElo "1928"]
[BlackElo "1904"]
[PlyCount "58"]
[EventDate "2020.05.11"]
[EventType "swiss (blitz)"]

1. e4 {[%emt 0:00:03]} e6 {[%emt 0:00:01] Schachidiot bietet Remis} 2. Qe2 {[%emt 0:00:02]} Nf6 {[%emt 0:00:02]} 3. e5 {[%emt 0:00:02]} Nd5 {[%emt 0:00:01]} 4. Nc3 {[%emt 0:00:01]} Nxc3 {[%emt 0:00:02]} 5. dxc3 {[%emt 0:00:01]} Be7 {[%emt 0:00:01]} 6. f4 {[%emt 0:00:01]} O-O {[%emt 0:00:01]} 7. Nf3 {[%emt 0:00:00]} d6 {[%emt 0:00:01]} 8. Be3 {[%emt 0:00:03]} Nc6 {[%emt 0:00:02]} 9. O-O-O {[%emt 0:00:01]} Qe8 {[%emt 0:00:02]} 10. g4 {[%emt 0:00:01]} dxe5 {[%emt 0:00:02]} 11. Nxe5 {[%emt 0:00:01]} Nxe5 {[%emt 0:00:01]} 12. fxe5 {[%emt 0:00:01]} Bd7 {[%emt 0:00:02]} 13. Bg2 {[%emt 0:00:06]} Bc6 {[%emt 0:00:01]} 14. h4 {[%emt 0:00:07]} Rd8 {[%emt 0:00:04]} 15. g5 {[%emt 0:00:01]} Rxd1+ {[%emt 0:00:02]} 16. Rxd1 {[%emt 0:00:02]} g6 {[%emt 0:00:02]} 17. h5 {[%emt 0:00:02]} gxh5 {[%emt 0:00:04]} 18. Bxc6 {[%emt 0:00:05]} Qxc6 {[%emt 0:00:01]} 19. Qxh5 {[%emt 0:00:01]} Qe4 {[%emt 0:00:01]} 20. Bd2 {[%emt 0:00:09]} Qxe5 {[%emt 0:00:02]} 21. Rh1 {[%emt 0:00:01]} Qf5 {[%emt 0:00:01]} 22. Be3 {[%emt 0:00:07]} Rd8 {[%emt 0:00:03]} 23. g6 {[%emt 0:00:05]} Qxh5 {[%emt 0:00:12]} 24. Rxh5 {[%emt 0:00:03]} fxg6 {[%emt 0:00:01]} 25. Re5 {[%emt 0:00:08]} Kf7 {[%emt 0:00:01]} 26. a3 {[%emt 0:00:02]} Bf6 {[%emt 0:00:02]} 27. Rb5 {[%emt 0:00:01]} b6 {[%emt 0:00:01]} 28. a4 {[%emt 0:00:01]} h5 {[%emt 0:00:05]} 29. a5 {[%emt 0:00:01]} h4 {[%emt 0:00:02] Schachidiot gibt auf (Lag: Av=0.43s, max=0.5s)} 0-1

[Event "Stay Safe Play From Home 141"]
[Site "T#645952Emanuel Laske"]
[Date "2020.05.11"]
[Round "9"]
[White "Lucknow"]
[Black "Timbre"]
[Result "1-0"]
[WhiteElo "1827"]
[BlackElo "1584"]
[Annotator "NA"]
[PlyCount "77"]
[EventDate "2020.05.11"]
[EventType "swiss (blitz)"]

1. d4 {[%emt 0:00:02]} d5 {[%emt 0:00:06]} 2. c4 {[%emt 0:00:02]} c6 {[%emt 0:00:01]} 3. Nf3 {[%emt 0:00:01]} Nf6 {[%emt 0:00:01]} 4. Nc3 {[%emt 0:00:01]} Bf5 {[%emt 0:00:02]} 5. e3 {[%emt 0:00:01]} e6 {[%emt 0:00:01]} 6. Bd3 {[%emt 0:00:00]} Bg6 {[%emt 0:00:02]} 7. O-O {[%emt 0:00:01]} Bd6 {[%emt 0:00:01]} 8. Qc2 {[%emt 0:00:04]} Nbd7 {[%emt 0:00:02]} 9. b3 {[%emt 0:00:03]} Qe7 {[%emt 0:00:02]} 10. cxd5 {[%emt 0:00:03]} exd5 {[%emt 0:00:02]} 11. Re1 {[%emt 0:00:05]} O-O {[%emt 0:00:06]} 12. Bxg6 {[%emt 0:00:01]} hxg6 {[%emt 0:00:02]} 13. e4 {[%emt 0:00:01]} dxe4 {[%emt 0:00:02]} 14. Nxe4 {[%emt 0:00:00]} Nxe4 {[%emt 0:00:01]} 15. Rxe4 {[%emt 0:00:01]} Qd8 {[%emt 0:00:01]} 16. Bb2 {[%emt 0:00:02]} Nf6 {[%emt 0:00:02]} 17. Re2 {[%emt 0:00:02]} Nd5 {[%emt 0:00:02]} 18. a3 {[%emt 0:00:05]} a6 {[%emt 0:00:02]} 19. Rd1 {[%emt 0:00:02]} Qd7 {[%emt 0:00:02]} 20. Ne5 {[%emt 0:00:05]} Qc7 {[%emt 0:00:15]} 21. b4 {[%emt 0:00:03]} Rae8 {[%emt 0:00:03]} 22. Rde1 {[%emt 0:00:01]} Re6 {[%emt 0:00:05]} 23. g3 {[%emt 0:00:07]} Rfe8 {[%emt 0:00:02]} 24. Nc4 {[%emt 0:00:02]} Rxe2 {[%emt 0:00:06]} 25. Rxe2 {[%emt 0:00:00]} Rxe2 {[%emt 0:00:02]} 26. Qxe2 {[%emt 0:00:00]} b5 {[%emt 0:00:07]} 27. Qe8+ {[%emt 0:00:13]} Bf8 {[%emt 0:00:07]} 28. Ne5 {[%emt 0:00:01]} Qe7 {[%emt 0:00:05]} 29. Qxe7 {[%emt 0:00:05]} Bxe7 {[%emt 0:00:03]} 30. Nxc6 {[%emt 0:00:01]} Bf6 {[%emt 0:00:02]} 31. Kg2 {[%emt 0:00:08]} Nb6 {[%emt 0:00:02]} 32. Kf3 {[%emt 0:00:04]} Nc4 {[%emt 0:00:02]} 33. Bc1 {[%emt 0:00:01]} Kf8 {[%emt 0:00:11]} 34. Ke4 {[%emt 0:00:01]} Ke8 {[%emt 0:00:01]} 35. Nb8 {[%emt 0:00:04]} Nd6+ {[%emt 0:00:07]} 36. Kd5 {[%emt 0:00:08]} Nf5 {[%emt 0:00:02]} 37. Be3 {[%emt 0:00:03]} Ne7+ {[%emt 0:00:06]} 38. Kc5 {[%emt 0:00:10]} Nf5 {[%emt 0:00:02]} 39. Nxa6 {[%emt 0:00:03] Timbre resigns (Lag: Av=0.49s, max=0.7s)} 1-0